Top 10 países con el mayor número de hispanohablantes - Estadísticas

Estadísticas generales
  • Esta prueba ha sido intentada 6.968 veces
  • La puntuación promedio es 9 de 10
Estadísticas de respuestas
% # País % Correcto
99 45,5 M Argentina
99%
81 38,8 M España
99%
94 124 M México
99%
99 53,1 M Colombia
98%
99 19,7 M Chile
96%
98 28,0 M Venezuela
95%
87 30,2 M Perú
94%
93 17,1 M Ecuador
89%
13 45,7 M Estados Unidos
84%
76 14,3 M Guatemala
75%
No se encontraron pruebas coincidentes
Distribución de puntuación
Porcentaje de gente con cada puntuación
Porcentaje por número respondido
Historial de tus puntuaciones
No has intentado esta prueba.